|
|
|
|
| LEADER |
00574cam a2200181ua 4500 |
| 020 |
|
|
|a 0-19-566392-6
|
| 020 |
|
|
|a 9780195663921
|
| 082 |
|
|
|a 303.484
|b SOC
|
| 245 |
0 |
0 |
|a Social and religious reform : the hindus of British India /
|
| 250 |
|
|
|a 1st
|
| 260 |
|
|
|a New Delhi:
|b Oxford university Press,
|c 2003
|
| 300 |
|
|
|a xvii, 226p.
|
| 500 |
|
|
|a Includes index
|
| 650 |
|
|
|a Indian History
|
| 650 |
0 |
|
|a History
|
| 942 |
|
|
|c BK
|
| 999 |
|
|
|c 6771
|d 6771
|
| 952 |
|
|
|0 0
|1 0
|4 0
|6 303_484000000000000_SOC
|7 0
|8 Stack
|9 7106
|a KUCL
|b KUCL
|c Stack
|d 2014-05-23
|g 495.00
|l 0
|o 303.484 SOC
|p 11963
|r 2017-03-10
|y BK
|